000 01023nam a2200301Ia 4500
001 9249
003 IT-RoPAU
008 130308s9999 xx 000 0 und d
040 _aIT-RoPAU
040 _cIT-RoPAU
041 _aFRANCESE
100 _aBarthes Roland
100 _gCodice Aut. SPICS: 9514
245 _aGrain de la voix-Entretiens 1962/198O
245 _bGrain de la Voix-Entretiens 1962/198O
250 _a1a ed.
260 _aPARIS
260 _bSeuil
260 _c1981 [1° Ed.:1981 - Ed.Ling.Originale:1981]
300 _a"350 p. (prefazione: no ; testo: 350)"
500 _aInterviste Rilasciate da Roland Barthes Parola Scrittura Semiologia e Cinema Analisi Strutturale del Racconto piacere Scrittura Lettura Strumenti grafici Letteratura insegnamento Crisi della Verità Brochier Teorico delle figure Erotiche violenza fotografia Crisi del Desiderio
650 _aSEMIOLOGIA
650 _eCodice materia Spics: 3251
942 _cBK
957 _71
999 _c66045
_d66045
999 _bSI
999 _g1